[Event "BPB Limburg open C"]
[Site "Maastricht"]
[Date "2014.06.08"]
[Round "4"]
[White "Callebaut, Katia"]
[Black "Slangen Knuit, Dien"]
[Result "0-1"]
[WhiteElo "1236"]
[BlackElo "1073"]
[PlyCount "153"]
[EventDate "2014.06.06"]
[EventType "swiss"]
[EventRounds "7"]
[EventCountry "NED"]
[Source "P.Boonen"]
[SourceDate "2014.10.10"]

1. e4 e5 2. Nf3 d6 3. d4 exd4 4. Nxd4 Nf6 5. Nc3 Be7 6. Be3 O-O 7. Bc4 Nbd7 8.
O-O Ne5 9. Bd5 c6 10. Bb3 c5 11. Nf5 c4 12. Nxe7+ Qxe7 13. Ba4 a6 14. Bb6 Ned7
15. Bxd7 Qxd7 16. h3 Qc6 17. Qd4 Bd7 18. Nd5 Nxd5 19. exd5 Qc8 20. f3 Bb5 21.
c3 a5 22. Qf4 Ra6 23. Bd4 f6 24. Rfe1 Bd7 25. Re7 Be8 26. Qg3 Bf7 27. Bxf6 g6
28. Qg5 Qf5 29. Rxb7 Re8 30. Re7 Rf8 31. Rd1 Qxg5 32. Bxg5 a4 33. a3 Rb6 34.
Rd2 Rb5 35. Bh6 Rd8 36. Ra7 Re8 37. Ra6 Bxd5 38. Rxd6 Bf7 39. Ra6 Rh5 40. Bf4
Rf5 41. Bc7 Rc8 42. Rd8+ Rxd8 43. Bxd8 Rd5 44. Be7 Re5 45. Bd6 Re6 46. Ra8+ Kg7
47. Bf8+ Kf6 48. Rxa4 Re1+ 49. Kh2 h5 50. Ra6+ Kf5 51. Kg3 g5 52. Ra5+ Kg6 53.
h4 gxh4+ 54. Kf4 Re8 55. Rg5+ Kf6 56. Bg7+ Ke7 57. Rc5 Be6 58. Rxh5 Rg8 59. Rg5
Rb8 60. Ke5 Kd7 61. Rh5 Rxb2 62. Rxh4 Rb3 63. Rd4+ Ke7 64. Rd6 Rb5+ 65. Kf4
Kxd6 66. a4 Rf5+ 67. Ke3 Rg5 68. Bf8+ Kd5 69. g4 Kc6 70. Kf4 Ra5 71. g5 Rxa4
72. Bb4 Bg8 73. g6 Ra1 74. g7 Ra7 75. Bf8 Rf7+ 76. Kg4 Kb5 77. Kg5 0-1

[Event "BPB Limburg open C"]
[Site "Maastricht"]
[Date "2014.06.08"]
[Round "4"]
[White "De Cocq, Ramin"]
[Black "Katranov, Mikhail"]
[Result "0-1"]
[WhiteElo "1093"]
[BlackElo "1248"]
[PlyCount "74"]
[EventDate "2014.06.06"]
[EventType "swiss"]
[EventRounds "7"]
[EventCountry "NED"]
[Source "P.Boonen"]
[SourceDate "2014.10.10"]

1. d4 d5 2. c4 e6 3. e3 Nf6 4. Nc3 Nc6 5. Bd2 Bd6 6. Nf3 Nb8 7. Qb3 a6 8. cxd5
exd5 9. Nxd5 Nxd5 10. Qxd5 Nc6 11. Qb3 Rb8 12. Bc4 Qe7 13. a3 Bg4 14. Bd5 Bxf3
15. Bxf3 Nxd4 16. Qa4+ Nb5 17. O-O Qe5 18. g3 Qxb2 19. Bb4 Bxb4 20. axb4 O-O
21. Rfb1 Qf6 22. Bg2 Nc3 23. Qc2 Nxb1 24. Rxb1 Qg6 25. Be4 f5 26. Bd5+ Kh8 27.
Qxc7 f4 28. Re1 fxe3 29. fxe3 Qf5 30. Kh1 Qxd5+ 31. Kg1 Qf3 32. Qc2 Rbe8 33.
Qd2 Re4 34. Qg2 Rxe3 35. Qxf3 Rxe1+ 36. Kf2 Rxf3+ 37. Kxf3 Rb1 0-1

[Event "BPB Limburg open C"]
[Site "Maastricht"]
[Date "2014.06.08"]
[Round "4"]
[White "De Geest, Jan"]
[Black "De Mon, Gino"]
[Result "1/2-1/2"]
[WhiteElo "1661"]
[BlackElo "1744"]
[PlyCount "137"]
[EventDate "2014.06.06"]
[EventType "swiss"]
[EventRounds "7"]
[EventCountry "NED"]
[Source "P.Boonen"]
[SourceDate "2014.10.10"]

1. e4 c5 2. Nf3 d6 3. d4 cxd4 4. Qxd4 Nc6 5. Bb5 Bd7 6. Bxc6 Bxc6 7. Nc3 Nf6 8.
Bg5 Nd7 9. O-O-O Qb6 10. Rhe1 h6 11. Bh4 Qxd4 12. Nxd4 g5 13. Bg3 Bg7 14. f3
Ne5 15. Nd5 Bxd5 16. exd5 Kd7 17. b3 Rac8 18. c4 a6 19. Kb1 Bf6 20. Re2 Ng6 21.
h3 h5 22. Rc2 h4 23. Bh2 Nf4 24. Nf5 Be5 25. Bg1 e6 26. dxe6+ Kxe6 27. Nd4+ Kd7
28. Nf5 Ke6 29. Nd4+ Kf6 30. Rcd2 Rhe8 31. Nc2 Re6 32. Bd4 Rce8 33. Bxe5+ dxe5
34. Ne3 e4 35. Nd5+ Nxd5 36. cxd5 e3 37. dxe6 exd2 38. exf7 Kxf7 39. Rxd2 Kf6
40. Kc2 Kf5 41. Rd5+ Kf4 42. Kd2 Re6 43. a4 Re7 44. a5 Re6 45. Rd4+ Kf5 46. Rg4
Re5 47. f4 gxf4 48. Rxh4 Kg5 49. Rg4+ Kf5 50. b4 Rb5 51. Kc3 b6 52. axb6 Rxb6
53. Rg8 Ke4 54. Re8+ Kd5 55. Rd8+ Ke4 56. Re8+ Kd5 57. Kb3 a5 58. Rd8+ Ke4 59.
Re8+ Kd4 60. Rd8+ Ke3 61. Re8+ Kf2 62. Re4 Rxb4+ 63. Rxb4 axb4 64. h4 Kxg2 65.
h5 f3 66. h6 f2 67. h7 f1=Q 68. h8=Q Qb1+ 69. Qb2+ 1/2-1/2

[Event "BPB Limburg open C"]
[Site "Maastricht"]
[Date "2014.06.08"]
[Round "4"]
[White "De Jong, Lucas"]
[Black "Ulburghs, Piet"]
[Result "1-0"]
[WhiteElo "1585"]
[BlackElo "1683"]
[PlyCount "120"]
[EventDate "2014.06.06"]
[EventType "swiss"]
[EventRounds "7"]
[EventCountry "NED"]
[Source "P.Boonen"]
[SourceDate "2014.10.10"]

1. e4 c5 2. Nc3 e6 3. f4 Nc6 4. Nf3 a6 5. g3 Nge7 6. Bg2 d5 7. d3 d4 8. Ne2 f6
9. O-O Ng6 10. c3 Be7 11. cxd4 cxd4 12. Bd2 O-O 13. Rc1 e5 14. Qb3+ Rf7 15.
fxe5 Ncxe5 16. Nexd4 b5 17. Nc6 Qb6+ 18. Nfd4 Bd7 19. Nxe7+ Nxe7 20. Bc3 Nxd3
21. Rcd1 Nc5 22. Qc2 Rc8 23. Qf2 Bg4 24. Nf3 Qe6 25. Rfe1 Qxa2 26. Bb4 Qc4 27.
Rd4 Qe6 28. Bxc5 Nc6 29. Rd6 Qc4 30. Red1 h6 31. h3 Bxf3 32. Bxf3 Ne5 33. Rd8+
Rxd8 34. Rxd8+ Kh7 35. Be3 Re7 36. Bg2 Qe6 37. Qd2 Nc4 38. Qd4 f5 39. b3 Na5
40. Qd6 Nxb3 41. Qxe6 Rxe6 42. Rd3 Na5 43. exf5 Re7 44. Bd2 Nc4 45. Bd5 Rc7 46.
Bxc4 Rxc4 47. Rb3 h5 48. Kf2 Rc2 49. Ke3 Rc6 50. Bb4 g5 51. Rc3 Rf6 52. Rc7+
Kg8 53. Ke4 Rf7 54. Rxf7 Kxf7 55. Ke5 Ke8 56. Ke6 Kd8 57. f6 Kc7 58. f7 Kb6 59.
f8=Q a5 60. Qd6+ Kb7 1-0

[Event "BPB Limburg open C"]
[Site "Maastricht"]
[Date "2014.06.08"]
[Round "4"]
[White "Deider, Kevin"]
[Black "Seibst, Sascha"]
[Result "0-1"]
[WhiteElo "1057"]
[BlackElo "1585"]
[PlyCount "70"]
[EventDate "2014.06.06"]
[EventType "swiss"]
[EventRounds "7"]
[EventCountry "NED"]
[Source "P.Boonen"]
[SourceDate "2014.10.10"]

1. e4 c5 2. c3 d5 3. exd5 Qxd5 4. d4 e6 5. Nf3 Nf6 6. Bb5+ Nc6 7. Qb3 a6 8.
Qxd5 exd5 9. Bxc6+ bxc6 10. Ne5 Bb7 11. O-O Bd6 12. Re1 O-O 13. Bg5 Ne4 14. Bf4
cxd4 15. cxd4 Rfe8 16. f3 Nf6 17. Nc3 Nh5 18. Bd2 c5 19. Be3 Bxe5 20. dxe5 d4
21. g4 dxe3 22. gxh5 Rxe5 23. Ne4 f5 24. Nd6 Bxf3 25. Rf1 e2 26. Rfe1 Rd8 27.
Nc4 Re4 28. Kf2 Bxh5 29. Rac1 Rd3 30. b3 Rf4+ 31. Kg1 Rd1 32. Ne3 Rd2 33. Rc2
Rd3 34. Ng2 Rd1 35. Rc1 Rf1+ 0-1

[Event "BPB Limburg open C"]
[Site "Maastricht"]
[Date "2014.06.08"]
[Round "4"]
[White "Dewilde, Rudi"]
[Black "Weerts, Rene"]
[Result "0-1"]
[WhiteElo "1190"]
[BlackElo "1635"]
[PlyCount "30"]
[EventDate "2014.06.06"]
[EventType "swiss"]
[EventRounds "7"]
[EventCountry "NED"]
[Source "P.Boonen"]
[SourceDate "2014.10.10"]

1. e4 g6 2. d4 Bg7 3. Nf3 c5 4. d5 Nf6 5. Nc3 d6 6. Be2 Nbd7 7. h3 a6 8. O-O b5
9. a3 b4 10. Nb1 Nxe4 11. Ra2 Bb7 12. Bd3 Nef6 13. c3 Bxd5 14. b3 bxc3 15. Rc2
Bxb3 0-1

[Event "BPB Limburg open C"]
[Site "Maastricht"]
[Date "2014.06.08"]
[Round "4"]
[White "Hammers, Michael"]
[Black "Winand, Michael"]
[Result "1-0"]
[WhiteElo "1604"]
[BlackElo "1669"]
[PlyCount "33"]
[EventDate "2014.06.06"]
[EventType "swiss"]
[EventRounds "7"]
[EventCountry "NED"]
[Source "P.Boonen"]
[SourceDate "2014.10.10"]

1. e4 e5 2. Nf3 Nc6 3. Bc4 Nf6 4. d3 Bc5 5. c3 Bb6 6. Nbd2 d6 7. Nf1 Bd7 8. Ng3
Na5 9. Bd5 c6 10. Bxf7+ Kxf7 11. b4 h6 12. bxa5 Bxa5 13. O-O Qe7 14. Qb3+ Be6
15. Qc2 g6 16. Ba3 b5 17. Nxe5+ 1-0

[Event "BPB Limburg open C"]
[Site "Maastricht"]
[Date "2014.06.08"]
[Round "4"]
[White "Hauffe, Frank"]
[Black "Godde, Matthias"]
[Result "1-0"]
[WhiteElo "1731"]
[BlackElo "1277"]
[PlyCount "63"]
[EventDate "2014.06.06"]
[EventType "swiss"]
[EventRounds "7"]
[EventCountry "NED"]
[Source "P.Boonen"]
[SourceDate "2014.10.10"]

1. b3 d5 2. Bb2 c5 3. e3 Nc6 4. Nf3 Bg4 5. Be2 e6 6. O-O Nf6 7. Ne5 Bxe2 8.
Qxe2 Bd6 9. f4 O-O 10. Ng4 Be7 11. Ne5 Nb4 12. d3 Qc7 13. a3 Nc6 14. Nd2 d4 15.
Nxc6 Qxc6 16. e4 Rac8 17. Rf3 Nd7 18. Rh3 b5 19. Qh5 h6 20. Rf1 Nf6 21. Qe2 a5
22. Rff3 a4 23. bxa4 bxa4 24. Rfg3 Kh8 25. c4 Rb8 26. Ba1 Rb7 27. e5 Ng8 28.
Qg4 g6 29. Kf2 h5 30. Rxh5+ Kg7 31. Qh3 Rbb8 32. Rh8 1-0

[Event "BPB Limburg open C"]
[Site "Maastricht"]
[Date "2014.06.08"]
[Round "4"]
[White "Janssen, Fynn"]
[Black "Godding, Mick"]
[Result "1/2-1/2"]
[WhiteElo "1335"]
[BlackElo "1616"]
[PlyCount "45"]
[EventDate "2014.06.06"]
[EventType "swiss"]
[EventRounds "7"]
[EventCountry "NED"]
[Source "P.Boonen"]
[SourceDate "2014.10.10"]

1. e4 d5 2. exd5 Nf6 3. Bb5+ Nbd7 4. Nc3 a6 5. Bc4 b5 6. Bb3 Bb7 7. Nf3 Nb6 8.
d4 Nfxd5 9. Be3 e6 10. O-O Bd6 11. Qe2 O-O 12. Ne4 Be7 13. Rad1 a5 14. Nc5 Bxc5
15. dxc5 Nc4 16. Bxc4 bxc4 17. Ne5 c3 18. b3 f6 19. Nc4 Qe8 20. f3 Qg6 21. Qd3
Qh5 22. Qe4 Qf7 23. Bf2 1/2-1/2

[Event "BPB Limburg open C"]
[Site "Maastricht"]
[Date "2014.06.08"]
[Round "4"]
[White "Janssen, Valerie"]
[Black "Weidema, Luuk"]
[Result "0-1"]
[WhiteElo "1000"]
[BlackElo "1189"]
[PlyCount "102"]
[EventDate "2014.06.06"]
[EventType "swiss"]
[EventRounds "7"]
[EventCountry "NED"]
[Source "P.Boonen"]
[SourceDate "2014.10.10"]

1. d4 e6 2. c4 Nf6 3. Nc3 Nc6 4. Nf3 Bb4 5. Bd2 O-O 6. a3 Be7 7. e3 b6 8. Bd3
Bd6 9. Qc2 Bb7 10. e4 e5 11. d5 Ne7 12. O-O Ng6 13. g3 Ng4 14. Be2 c6 15. Ng5
Nf6 16. b4 Be7 17. Nf3 a6 18. Ne1 b5 19. c5 cxd5 20. exd5 Nxd5 21. Bf3 Nxc3 22.
Bxc3 Bxf3 23. Nxf3 Bf6 24. Rfe1 d6 25. cxd6 Qxd6 26. Rad1 Qc7 27. Qb2 Rae8 28.
Rc1 Qb8 29. h4 Re6 30. h5 e4 31. Bxf6 Rxf6 32. h6 exf3 33. Re3 Re8 34. Rxf3
Ree6 35. Rxf6 gxf6 36. Qc3 Qf8 37. Kf1 Qxh6 38. Qc8+ Nf8 39. Kg2 Re8 40. Qxe8
Qxc1 41. Qa8 Qxa3 42. Kh2 Qxb4 43. Qxa6 Kg7 44. Qb7 Qb1 45. Qf3 b4 46. Qg4+ Ng6
47. f4 Qa2+ 48. Kh3 f5 49. Qxf5 Qe6 50. Qxe6 fxe6 51. g4 Nxf4+ 0-1

[Event "BPB Limburg open C"]
[Site "Maastricht"]
[Date "2014.06.08"]
[Round "4"]
[White "Jedamczik, Kai"]
[Black "Chappin, Rene"]
[Result "0-1"]
[WhiteElo "1492"]
[BlackElo "1668"]
[PlyCount "76"]
[EventDate "2014.06.06"]
[EventType "swiss"]
[EventRounds "7"]
[EventCountry "NED"]
[Source "P.Boonen"]
[SourceDate "2014.10.10"]

1. d4 Nf6 2. c4 e5 3. d5 Bb4+ 4. Bd2 Qe7 5. a3 Bxd2+ 6. Nxd2 d6 7. e4 O-O 8.
Ngf3 Nbd7 9. Be2 Nc5 10. Ng5 h6 11. b4 Na6 12. Ngf3 Bd7 13. O-O Rac8 14. Rc1
Nh7 15. Nb3 Nb8 16. b5 f5 17. Nbd2 f4 18. h3 Rf6 19. Rc3 Rg6 20. Nh2 Qg5 21. g4
Qh4 22. Re1 Rf8 23. Ndf3 Qe7 24. Kh1 Bc8 25. Rg1 Nd7 26. h4 Nc5 27. Qc2 Rgf6
28. g5 hxg5 29. hxg5 Rg6 30. Nh4 Rxg5 31. Rxg5 Qxg5 32. Nf5 g6 33. Nf3 Qf6 34.
N5h4 g5 35. Nf5 Bxf5 36. exf5 Qxf5 37. Qxf5 Rxf5 38. Kg2 Ne4 0-1

[Event "BPB Limburg open C"]
[Site "Maastricht"]
[Date "2014.06.08"]
[Round "4"]
[White "Katoen, Tom"]
[Black "Havenith, Julia"]
[Result "1-0"]
[WhiteElo "1398"]
[BlackElo "1570"]
[PlyCount "62"]
[EventDate "2014.06.06"]
[EventType "swiss"]
[EventRounds "7"]
[EventCountry "NED"]
[Source "P.Boonen"]
[SourceDate "2014.10.10"]

1. c4 e5 2. Nc3 Nc6 3. Nf3 g6 4. e3 Bg7 5. d4 exd4 6. exd4 Qe7+ 7. Be2 Nf6 8.
Bg5 h6 9. Nd5 Qd8 10. Nxf6+ Bxf6 11. Bxf6 Qxf6 12. O-O O-O 13. Qd2 Kh7 14. Bd3
d6 15. h3 Bxh3 16. Be4 Bd7 17. Rad1 Bg4 18. Kh2 Bxf3 19. Bxf3 Qh4+ 20. Kg1 Qg5
21. Qc3 h5 22. Rfe1 h4 23. Re3 Rfe8 24. Rde1 Rxe3 25. Rxe3 h3 26. Bxc6 h2+ 27.
Kxh2 bxc6 28. d5 f6 29. dxc6 Kg8 30. Re7 Rc8 31. Qh3 Qh5 {Hier werd de
onreglementaire zet 32.Dg3 gespeeld, wat niet werd opgemerkt door beide
spelers. De partij vervolgde met 32...,Dxg3+ 33.Kxg3 Kf8 34.Td7 Ke8 35.Th7 Td8
36.Txc7 a5 37.Kf4 Tb8 38.b3 Td8 39.Ke4 Kf8 40.Kd5 Ke8 41.Ke6 f5 42.Kf6 en 1-0}
1-0

[Event "BPB Limburg open C"]
[Site "Maastricht"]
[Date "2014.06.08"]
[Round "4"]
[White "Katranova, Alicia"]
[Black "Oosterlinck, Freddy"]
[Result "0-1"]
[WhiteElo "1289"]
[BlackElo "1000"]
[PlyCount "56"]
[EventDate "2014.06.06"]
[EventType "swiss"]
[EventRounds "7"]
[EventCountry "NED"]
[Source "P.Boonen"]
[SourceDate "2014.10.10"]

1. e4 e5 2. Nf3 Nc6 3. d4 exd4 4. Bc4 h6 5. c3 Be7 6. Nxd4 Bg5 7. O-O Bxc1 8.
Qxc1 Ne5 9. Bb3 d6 10. Re1 Nd3 11. Qd2 Nxe1 12. Qxe1 Bg4 13. Nd2 h5 14. h3 Qh4
15. N2f3 Bxf3 16. Nxf3 Qf4 17. e5 O-O-O 18. Rd1 Nh6 19. Rd4 Qf5 20. e6 Rhe8 21.
Re4 d5 22. Re5 Rxe6 23. Kf1 Rxe5 24. Qxe5 Qxe5 25. Nxe5 c6 26. Nd3 Re8 27. f4
f6 28. g3 Re3 0-1

[Event "BPB Limburg open C"]
[Site "Maastricht"]
[Date "2014.06.08"]
[Round "4"]
[White "Koolen, Tom"]
[Black "Baeten, Wim"]
[Result "0-1"]
[WhiteElo "1000"]
[BlackElo "1000"]
[PlyCount "94"]
[EventDate "2014.06.06"]
[EventType "swiss"]
[EventRounds "7"]
[EventCountry "NED"]
[Source "P.Boonen"]
[SourceDate "2014.10.10"]

1. d4 d6 2. e3 g6 3. Nc3 Bg7 4. Bc4 Nf6 5. Qf3 O-O 6. Nh3 c6 7. Ng5 d5 8. Bd3
Nbd7 9. e4 e5 10. Be3 Qb6 11. dxe5 Nxe5 12. Bxb6 Nxf3+ 13. Nxf3 axb6 14. O-O
dxe4 15. Nxe4 Nxe4 16. Bxe4 Bxb2 17. Rae1 Rxa2 18. h4 Be6 19. Ng5 Bc4 20. Bd3
Bxd3 21. cxd3 h6 22. Ne4 Rd8 23. Re2 Rda8 24. g3 Bd4 25. Ree1 Ra1 26. Nd2 Rxe1
27. Rxe1 Ra1 28. Nf3 Rxe1+ 29. Nxe1 b5 30. Nf3 Bc3 31. g4 b4 32. g5 h5 33. Kf1
b3 34. Ke2 b2 35. Nd2 Bxd2 36. Kxd2 b1=Q 37. Ke3 b5 38. f4 b4 39. Ke4 b3 40. f5
b2 41. f6 Qe1+ 42. Kd4 b1=Q 43. Kc5 Qc3+ 44. Kd6 Qbb4+ 45. Kd7 Qb7+ 46. Ke8
Qe5+ 47. Kd8 Qeb8# 0-1

[Event "BPB Limburg open C"]
[Site "Maastricht"]
[Date "2014.06.08"]
[Round "4"]
[White "Koppens, Gertie"]
[Black "Olmoz Sanz, Francisco"]
[Result "1-0"]
[WhiteElo "1265"]
[BlackElo "1655"]
[PlyCount "72"]
[EventDate "2014.06.06"]
[EventType "swiss"]
[EventRounds "7"]
[EventCountry "NED"]
[Source "P.Boonen"]
[SourceDate "2014.10.10"]

1. e4 c5 2. Nf3 d6 3. d4 cxd4 4. Nxd4 Nf6 5. Nc3 a6 6. Be3 Nc6 7. f3 Bd7 8. Be2
e5 9. Nb3 Be7 10. Qd2 O-O 11. O-O b5 12. a3 Be6 13. Nd5 Bxd5 14. exd5 Na7 15.
Rac1 Qd7 16. c4 Rfc8 17. Rc2 bxc4 18. Bxc4 Nb5 19. Rfc1 Bd8 20. Qd3 e4 21. fxe4
Ng4 22. Bxb5 axb5 23. h3 Rxc2 24. Rxc2 Nxe3 25. Qxe3 b4 26. axb4 Qb7 27. Qd2
Bb6+ 28. Kh2 Qe7 29. Qf4 g6 30. Nd2 Bd4 31. Nf3 Bg7 32. b3 Ra3 33. Rc8+ Bf8 34.
Nd4 Qd7 35. Qc1 Qa7 36. Nb5 Qe7 1-0

[Event "BPB Limburg open C"]
[Site "Maastricht"]
[Date "2014.06.08"]
[Round "4"]
[White "Kumpen, Kurt"]
[Black "Vercruyssen, Tim"]
[Result "1-0"]
[WhiteElo "1392"]
[BlackElo "1118"]
[PlyCount "101"]
[EventDate "2014.06.06"]
[EventType "swiss"]
[EventRounds "7"]
[EventCountry "NED"]
[Source "P.Boonen"]
[SourceDate "2014.10.10"]

1. d4 Nf6 2. Nf3 e6 3. e3 b6 4. c4 Bb7 5. Be2 d6 6. Nc3 a6 7. O-O Be7 8. Nd2
O-O 9. f3 c5 10. Nb3 Nbd7 11. e4 cxd4 12. Nxd4 Qc7 13. Bg5 Rfe8 14. Kh1 Rad8
15. Bh4 Nh5 16. Bxe7 Rxe7 17. Qd2 Nhf6 18. Rac1 Ne5 19. b3 Nc6 20. Nxc6 Bxc6
21. Qe3 d5 22. c5 b5 23. Rfd1 Red7 24. e5 Ne8 25. Qg5 f6 26. exf6 Nxf6 27. Bd3
d4 28. Ne4 Bxe4 29. fxe4 e5 30. b4 Rf8 31. Rf1 Kh8 32. Rf5 Re7 33. Kg1 Rg8 34.
Rd1 Re6 35. Bc2 Rge8 36. Qh4 g6 37. Rxf6 Rxf6 38. Qxf6+ Qg7 39. Qxg7+ Kxg7 40.
Rf1 Rd8 41. Bd3 Ra8 42. Rf2 a5 43. Rc2 axb4 44. c6 b3 45. axb3 Kf7 46. c7 Rc8
47. Bxb5 d3 48. Bxd3 Ke7 49. Ba6 Kd7 50. Bxc8+ Kxc8 51. b4 1-0

[Event "BPB Limburg open C"]
[Site "Maastricht"]
[Date "2014.06.08"]
[Round "4"]
[White "Lennartz, Ludwig"]
[Black "Seip, Theo"]
[Result "1-0"]
[WhiteElo "1511"]
[BlackElo "1530"]
[PlyCount "43"]
[EventDate "2014.06.06"]
[EventType "swiss"]
[EventRounds "7"]
[EventCountry "NED"]
[Source "P.Boonen"]
[SourceDate "2014.10.10"]

1. e4 c5 2. Nf3 d6 3. d4 cxd4 4. Nxd4 Nf6 5. Nc3 e6 6. Be3 Be7 7. Bd3 Nc6 8.
O-O a6 9. f4 O-O 10. Qf3 Qc7 11. g4 b5 12. g5 Nd7 13. Qg3 Nc5 14. f5 b4 15.
Nce2 f6 16. g6 h6 17. Qh4 Bd8 18. Nxc6 Qxc6 19. Rf3 exf5 20. Nd4 Qb7 21. Bc4+
Kh8 22. Bxh6 1-0

[Event "BPB Limburg open C"]
[Site "Maastricht"]
[Date "2014.06.08"]
[Round "4"]
[White "Lennartz, Tim"]
[Black "Disters, Ingrid"]
[Result "1-0"]
[WhiteElo "1087"]
[BlackElo "1223"]
[PlyCount "61"]
[EventDate "2014.06.06"]
[EventType "swiss"]
[EventRounds "7"]
[EventCountry "NED"]
[Source "P.Boonen"]
[SourceDate "2014.10.10"]

1. e4 c6 2. d4 d5 3. e5 Bf5 4. Ne2 e6 5. Ng3 Ne7 6. Bg5 Qc7 7. Nxf5 Nxf5 8. c4
Nd7 9. Nc3 Bb4 10. Be2 O-O 11. O-O b6 12. Rc1 Qb7 13. a3 Bxc3 14. Rxc3 c5 15.
dxc5 Nxc5 16. Bf3 Qc7 17. cxd5 Qxe5 18. dxe6 Rac8 19. exf7+ Kh8 20. Re1 Qc7 21.
b4 Qxf7 22. bxc5 bxc5 23. Bg4 Qg6 24. Qd2 h6 25. Bxf5 Qxf5 26. Bxh6 gxh6 27.
Re7 Qg6 28. Rh3 Rcd8 29. Rxh6+ Kg8 30. Rxg6+ Kh8 31. Qh6# 1-0

[Event "BPB Limburg open C"]
[Site "Maastricht"]
[Date "2014.06.08"]
[Round "4"]
[White "Loutragotis, Dimitri"]
[Black "Kumpen, Jona"]
[Result "1-0"]
[WhiteElo "1340"]
[BlackElo "1532"]
[PlyCount "87"]
[EventDate "2014.06.06"]
[EventType "swiss"]
[EventRounds "7"]
[EventCountry "NED"]
[Source "P.Boonen"]
[SourceDate "2014.10.10"]

1. e4 e6 2. d4 d5 3. Nc3 Nf6 4. e5 Nfd7 5. f4 c5 6. Nf3 Nc6 7. Ne2 b5 8. a3 a5
9. Be3 Ba6 10. dxc5 Bxc5 11. Bxc5 Nxc5 12. Ned4 Qb6 13. Nxc6 Qxc6 14. Nd4 Qb6
15. Be2 b4 16. Bxa6 Rxa6 17. O-O Ne4 18. Qd3 Ra7 19. axb4 Qxb4 20. Qb5+ Qxb5
21. Nxb5 Rb7 22. Rxa5 Kd7 23. Rfa1 Rhb8 24. Ra7 Kc6 25. Nd4+ Kd7 26. b4 Rc7 27.
b5 Kc8 28. R7a6 Nc3 29. Nc6 Rxb5 30. Na7+ Kb7 31. Nxb5 Nxb5 32. R6a5 Kb6 33.
R5a2 Nd4 34. Rb2+ Kc6 35. c3 Nf5 36. Kf2 Kd7 37. Ra3 f6 38. Rb6 fxe5 39. fxe5
h6 40. g4 Ne7 41. Rd6+ Ke8 42. Rxe6 Kd7 43. Rd6+ Ke8 44. e6 1-0

[Event "BPB Limburg open C"]
[Site "Maastricht"]
[Date "2014.06.08"]
[Round "4"]
[White "Loutragotis, Marios"]
[Black "De Ridder, Yulian"]
[Result "0-1"]
[WhiteElo "1000"]
[BlackElo "1348"]
[PlyCount "30"]
[EventDate "2014.06.06"]
[EventType "swiss"]
[EventRounds "7"]
[EventCountry "NED"]
[Source "P.Boonen"]
[SourceDate "2014.10.10"]

1. e4 e5 2. Nf3 Nc6 3. Bc4 Nf6 4. Nc3 Nxe4 5. Nxe4 d5 6. Bb5 dxe4 7. Bxc6+ bxc6
8. Nxe5 Qf6 9. Ng4 Qg5 10. h3 h5 11. Nh2 Bd6 12. d4 Qxg2 13. Rf1 Ba6 14. f3
Bg3+ 15. Rf2 Qxf2# 0-1

[Event "BPB Limburg open C"]
[Site "Maastricht"]
[Date "2014.06.08"]
[Round "4"]
[White "Merz, Jean Philippe"]
[Black "Lammes, Pim"]
[Result "1-0"]
[WhiteElo "1690"]
[BlackElo "1636"]
[PlyCount "51"]
[EventDate "2014.06.06"]
[EventType "swiss"]
[EventRounds "7"]
[EventCountry "NED"]
[Source "P.Boonen"]
[SourceDate "2014.10.10"]

1. e4 e5 2. Nc3 Bc5 3. Bc4 Nf6 4. d3 h6 5. Be3 Bb6 6. Nf3 d6 7. Na4 Ba5+ 8. Nc3
O-O 9. O-O Bg4 10. h3 Bh5 11. Qc1 Kh7 12. g4 Nxg4 13. hxg4 Bxg4 14. Nh2 Bh3 15.
Rd1 Bxc3 16. bxc3 Qf6 17. Kh1 Qh4 18. Rg1 f5 19. exf5 Bxf5 20. Rg3 e4 21. dxe4
Qxe4+ 22. Rg2 Qxc4 23. Ng4 Qe4 24. Bxh6 Rh8 25. Kg1 Nd7 26. Nf6+ 1-0

[Event "BPB Limburg open C"]
[Site "Maastricht"]
[Date "2014.06.08"]
[Round "4"]
[White "Mestrom, Sterre"]
[Black "Laureys, Jo"]
[Result "1/2-1/2"]
[WhiteElo "1201"]
[BlackElo "1264"]
[PlyCount "101"]
[EventDate "2014.06.06"]
[EventType "swiss"]
[EventRounds "7"]
[EventCountry "NED"]
[Source "P.Boonen"]
[SourceDate "2014.10.10"]

1. d4 d5 2. g3 e6 3. Bg2 c6 4. Nf3 Nf6 5. O-O Bd6 6. Nc3 O-O 7. Bd2 Nbd7 8. e3
Qc7 9. Re1 Re8 10. a3 b6 11. b4 Bb7 12. b5 c5 13. Na4 a6 14. bxa6 Rxa6 15. c3
c4 16. Rb1 Bxa3 17. Bc1 Bxc1 18. Rxc1 Bc6 19. Nb2 Ne4 20. Qc2 Ra3 21. Nd1 Ba4
22. Qb2 Rb3 23. Qa2 Ra8 24. Nd2 Bc6 25. Qc2 Nxd2 26. Qxd2 Nf6 27. Qc2 Raa3 28.
Rb1 Qa7 29. Re2 Qa5 30. Qc1 Ra2 31. Rxa2 Qxa2 32. Rb2 Qa3 33. Qc2 Rxb2 34. Qxb2
Qa5 35. Qc1 Ba4 36. Nb2 Bb3 37. h4 Ne4 38. Bxe4 dxe4 39. Qe1 Kf8 40. Qc1 Ke7
41. Qe1 Kd6 42. Qc1 Kd5 43. Qe1 b5 44. Qc1 b4 45. cxb4 Qxb4 46. Qa1 c3 47. Qa8+
Kd6 48. Qd8+ Kc6 49. Qc8+ Kb5 50. Qb7+ Ka5 51. Qa7+ 1/2-1/2

[Event "BPB Limburg open C"]
[Site "Maastricht"]
[Date "2014.06.08"]
[Round "4"]
[White "Mitran, Marie"]
[Black "Muntean, Adrian"]
[Result "1-0"]
[WhiteElo "1466"]
[BlackElo "1000"]
[PlyCount "85"]
[EventDate "2014.06.06"]
[EventType "swiss"]
[EventRounds "7"]
[EventCountry "NED"]
[Source "P.Boonen"]
[SourceDate "2014.10.10"]

1. e4 e5 2. Nf3 Nc6 3. Nc3 Bc5 4. Bb5 d6 5. d4 exd4 6. Nxd4 Qf6 7. Nf3 a6 8.
Nd5 Qd8 9. Ba4 b5 10. Bb3 Ne5 11. Nxe5 dxe5 12. O-O c6 13. Nc3 Qxd1 14. Rxd1 f5
15. Bg5 Nf6 16. a3 h6 17. Bxf6 gxf6 18. Rd3 Bd4 19. exf5 a5 20. h3 h5 21. Re1
Ke7 22. Rxd4 Bxf5 23. Rd2 b4 24. Ne4 a4 25. Bc4 bxa3 26. bxa3 Rab8 27. Nc5 Ra8
28. Bd3 Bc8 29. Be4 Ra5 30. Nd3 Rg8 31. Kh2 c5 32. Nb2 f5 33. Bd5 Rg7 34. Rxe5+
Kf6 35. Re8 Bd7 36. Rh8 Ke7 37. Nc4 Rb5 38. Re2+ Kf6 39. Rh6+ Kg5 40. Rd6 Bc8
41. Nd2 f4 42. Re5+ Kh4 43. Nf3# 1-0

[Event "BPB Limburg open C"]
[Site "Maastricht"]
[Date "2014.06.08"]
[Round "4"]
[White "Mollema, Henk"]
[Black "Boudry, William"]
[Result "1-0"]
[WhiteElo "1568"]
[BlackElo "1610"]
[PlyCount "35"]
[EventDate "2014.06.06"]
[EventType "swiss"]
[EventRounds "7"]
[EventCountry "NED"]
[Source "P.Boonen"]
[SourceDate "2014.10.10"]

1. e4 c6 2. d4 d5 3. e5 c5 4. dxc5 Nc6 5. c3 Nxe5 6. Nf3 Bg4 7. Bb5+ Nc6 8. Qa4
Bd7 9. Nd4 Ne5 10. O-O a6 11. Bxd7+ Nxd7 12. Bg5 f6 13. Ne6 Qc8 14. Bf4 Kf7 15.
Nc7 Ra7 16. Qd1 e6 17. c6 Bc5 18. cxd7 1-0

[Event "BPB Limburg open C"]
[Site "Maastricht"]
[Date "2014.06.08"]
[Round "4"]
[White "Montforts, Ton"]
[Black "Schloesser, Matthias"]
[Result "1/2-1/2"]
[WhiteElo "1650"]
[BlackElo "1583"]
[PlyCount "43"]
[EventDate "2014.06.06"]
[EventType "swiss"]
[EventRounds "7"]
[EventCountry "NED"]
[Source "P.Boonen"]
[SourceDate "2014.10.10"]

1. d4 d5 2. Nf3 c6 3. e3 Nf6 4. Bd3 Nbd7 5. b3 e6 6. Bb2 Bd6 7. Ne5 O-O 8. O-O
c5 9. f4 cxd4 10. exd4 Ne4 11. Nd2 f5 12. Ndf3 Ndf6 13. c4 b6 14. Rc1 Bd7 15.
c5 Be7 16. c6 Be8 17. Ba6 Qc7 18. Qe2 Bh5 19. Bb7 Rab8 20. Qa6 Bxf3 21. Rxf3
Nd6 22. Qxa7 1/2-1/2